Công nghệ nuôi cấy mô và tế bào thực vật
Trình bày những kiến thức cơ bản về công nghệ nuôi cấy mô và tế bào thực vật. Thu nhận và nuôi cấy phôi in vitro. Nhân giống vô tính in vitro. Nuôi cấy giao tử, tạo cây đơn bội in vitro. Nuôi cấy mô thực vật
Sparad:
| Huvudupphovsman: | |
|---|---|
| Materialtyp: | Bok |
| Språk: | Vietnamese |
| Publicerad: |
H.
Khoa học và Kỹ thuật
2007
|
| Ämnen: | |
| Taggar: |
Lägg till en tagg
Inga taggar, Lägg till första taggen!
|
| Thư viện lưu trữ: | Mạng thư viện Đại học Đà Nẵng |
|---|
| LEADER | 01135nam a2200313 4500 | ||
|---|---|---|---|
| 001 | 000009238 | ||
| 003 | 5433 | ||
| 005 | 20111025151058.0 | ||
| 008 | 111025s2007 viesd | ||
| 041 | 0 | |a vie | |
| 082 | |a 571.6 |b LÊ-H | ||
| 100 | 0 | |a Lê Văn Hoàng | |
| 245 | 0 | |a Công nghệ nuôi cấy mô và tế bào thực vật |c Lê Văn Hoàng | |
| 260 | |a H. |b Khoa học và Kỹ thuật |c 2007 | ||
| 300 | |a 407tr. |b minh hoạ |c 19 cm | ||
| 504 | |a Thư mục: tr. 396-398 | ||
| 520 | |a Trình bày những kiến thức cơ bản về công nghệ nuôi cấy mô và tế bào thực vật. Thu nhận và nuôi cấy phôi in vitro. Nhân giống vô tính in vitro. Nuôi cấy giao tử, tạo cây đơn bội in vitro. Nuôi cấy mô thực vật | ||
| 653 | |a Công nghệ nuôi cấy mô | ||
| 653 | |a Tế bào thực vật | ||
| 653 | |a Lê Văn Hoàng | ||
| 910 | |a Võ Quang Huy |d 25/10/2011 | ||
| OWN | |a LSP | ||
| 999 | |a From the UDN01 | ||
| TYP | |a Monograph | ||
| TYP | |a Printed language | ||
| 980 | |a Mạng thư viện Đại học Đà Nẵng | ||